Music Quiz

Random Music or Billboard Quiz

Top 100 Bands (1999) Quiz Stats

 Plays Quiz Updated Feb 20, 2019

Challenge
Share
Tweet
Embed
Score 0/100 Timer 10:00
12 Plays Today
Song Artist % Correct
...Baby One More TimeBritney Spears
93.3%
SometimesBritney Spears
93.3%
Livin' La Vida LocaRicky Martin
88.4%
She's All I've Ever HadRicky Martin
88.4%
I Want it That WayBackstreet Boys
81.9%
No ScrubsTLC
81.4%
UnprettyTLC
81.4%
All I Have to GiveBackstreet Boys
81.3%
Genie in a BottleChristina Aguilera
81.1%
That Don't Impress Me MuchShania Twain
79%
From This Moment OnShania Twain
79%
Man! I Feel Like A Woman!Shania Twain
79%
Wild Wild WestWill Smith Feat. Dru Hill & Kool Moe Dee
75.7%
MiamiWill Smith
75.4%
Can I Get A...Jay-Z feat. Amil & Ja
68.8%
Music of My Heart*NSYNC & Gloria Estefan
68.2%
God Must Have Spent A Little More Time On YouAlabama feat. *NSYNC
68%
(God Must Have Spent) A Little More Time On You*NSYNC
67.9%
SlideGoo Goo Dolls
67.8%
Black BalloonGoo Goo Dolls
67.8%
IrisGoo Goo Dolls
67.8%
BelieveCher
65.4%
HeartbreakerMariah Carey feat. Jay-Z
63.9%
Bills, Bills, BillsDestiny's Child
63.6%
When You BelieveWhitney Houston & Mariah Carey
60.2%
All StarSmash Mouth
60.1%
SmoothSantana ft. Rob Thomas
59%
Scar TissueRed Hot Chili Peppers
57.1%
Mambo No. 5 (A Little Bit Of...)Lou Bega
54.2%
Every MorningSugar Ray
50.8%
SomedaySugar Ray
50.8%
Hard Knock Life (Ghetto Anthem)Jay-Z
50.6%
I Still BelieveMariah Carey
49.7%
BailamosEnrique Iglesias
45.6%
Song Artist % Correct
Doo Wop (That Thing)Lauryn Hill
45.5%
Ex-FactorLauryn Hill
45.5%
Heartbreak HotelWhitney Houston
44.3%
It's Not Right But It's OkayWhitney Houston
44.3%
My Love is Your LoveWhitney Houston
44.3%
Save TonightEagle-Eye Cherry
44.1%
I'm Your AngelR. Kelly & Celine Dion
43.4%
JumperThird Eye Blind
41.1%
Kiss MeSixpence None the Richer
40.1%
If You Had My LoveJennifer Lopez
39.5%
These Are the TimesDru Hill
37.8%
Steal My SunshineLen
37.3%
When a Woman's Fed UpR. Kelly
35.6%
Summer GirlsLFO
34%
The Hardest Thing98 Degrees
33.8%
I Do (Cherish You)98 Degrees
33.8%
Because of You98 Degrees
33.8%
Satisfy YouPuff Daddy feat. R. Kelly
32.9%
Last KissPearl Jam
32.5%
Fly AwayLenny Kravitz
32.5%
Angel of MineMonica
30.2%
Back 2 GoodMatchbox 20
29%
Have You EverBrandy
28.3%
Almost Doesn't CountBrandy
28.3%
What's It Gonna Be?!Busta Rhymes Feat. Janet Jackson
27.9%
AngelSarah McLachlan
25.8%
I Will Remember You (Live)Sarah McLachlan
25.8%
AmazedLonestar
25.2%
HandsJewel
22.4%
I Need To KnowMarc Anthony
22.1%
All Night LongFaith Evans feat. Puff Daddy
22%
She's So HighTal Bachman
21.7%
Back at OneBrian McKnight
21.5%
What It's LikeEverlast
17.4%
Song Artist % Correct
LullabyShawn Mullins
16.7%
Back That Thang UpJuvenile Feat. Mannie Fresh & Lil' Wayne
16.6%
Take Me ThereBLACKstreet & Mya Feat. Mase & Blinky Blink
14%
Love Like ThisFaith Evans
12.1%
Please Remember MeTim McGraw
11.4%
Out Of My HeadFastball
11.2%
Trippin'Total feat. Missy Elliott
11.1%
Faded PicturesCase & Joe
9.1%
Where My Girls At?702
8.7%
How Forever FeelsKenny Chesney
8.6%
Nobody's Supposed to Be HereDeborah Cox
7.9%
Chante's Got A ManChante Moore
7.5%
Write This DownGeorge Strait
7.4%
Tell Me It's RealK-Ci and JoJo
5.6%
Give It To YouJordan Knight
5.3%
Sweet LadyTyrese
5.2%
808Blaque
5%
Better Days (And The Bottom Drops Out)Citizen King
4.9%
Anywhere112 feat. Lil' Z
4.7%
So AnxiousGinuwine
4.1%
Stay the SameJoey McIntyre
3.9%
Happily Ever AfterCase
3.8%
FortunateMaxwell
3.6%
Lesson In Leavin'Jo Dee Messina
3.5%
Ghetto CowboyMo Thugs Family Feat. Bone Thugs-N-Harmony
3.4%
I Don't Want to Miss a ThingMark Chesnutt
3%
JamboreeNaughty By Nature Feat. Zhane
2.8%
Spend My Life With YouEric Benet Feat. Tamia
2.7%
LatelyDivine
2.6%
Who DatJT Money Feat. Sole
2.2%
If You (Lovin' Me)Silk
1.8%
YouJesse Powell
1.2%

You're not logged in!

Compare scores with friends on all Sporcle quizzes.
OR
Log In

You Might Also Like...

Show Comments

Extras

Top Quizzes Today


Score Distribution

Your Account Isn't Verified!

In order to create a playlist on Sporcle, you need to verify the email address you used during registration. Go to your Sporcle Settings to finish the process.

Report this User

Report this user for behavior that violates our Community Guidelines.

Details: